000 00806nam a2200241Ia 4500
003 OSt
005 20220925204809.0
006 a|||||r|||| 00| 0
007 ta
008 220923b |||||||| |||| 00| 0 eng d
020 _a8188789364
_c233.75
037 _bDU0121, 28/03/2008, INDEPENDENT PUBLISHERS GROUP
_cGeneral Book
040 _aRTL
_cRTL
_beng
041 _2eng
_aeng
082 _aY15:3(V:51).2.P, P5
100 _aKarat Brinda
_9268966
245 0 _aSurvival and emancipation
_b Notes from Indian women's struggles
260 _aGurgaon
_bThree Essays Collective
_c2005
300 _axx, 284p
_ccm.
650 _aSociology
942 _hY15:3(V:51).2.P, P5
_cGB
_2CC
999 _c550439
_d550439